LEADER 01020nam a22002171i 4500 001 991003030289707536 005 20030826133607.0 008 030925s1974 it |||||||||||||||||ita 035 $ab12370654-39ule_inst 035 $aARCHE-041818$9ExL 040 $aBiblioteca Interfacoltà$bita$cA.t.i. Arché s.c.r.l. Pandora Sicilia s.r.l. 245 00$aRivista archeologica della antica provincia e diocesi di Como :$b1872-1972 : atti del convegno celebrativo del centenario /$cSocietà archeologica comense 260 $aComo :$bNoseda,$c1974 300 $a493 p. ;$c24 cm 710 2 $aSocietà archeologica comense$eauthor$4http://id.loc.gov/vocabulary/relators/aut$0209076 907 $a.b12370654$b02-04-14$c08-10-03 912 $a991003030289707536 945 $aLE002 D Ann. 330$g1$i2002000123251$lle002$o-$pE0.00$q-$rl$s- $t0$u0$v0$w0$x0$y.i12775642$z08-10-03 996 $aRivista archeologica della antica provincia e diocesi di Como$91458952 997 $aUNISALENTO 998 $ale002$b08-10-03$cm$da $e-$fita$git $h0$i1